000 01444nam a22002417a 4500
005 20111207162222.0
008 111207t xxu||||| |||| 00| 0 mar d
010 _aMAR-21731
020 _a9788184983104
_c240.00
035 _aMR-14389
037 _bDBAD/PUB
040 _aDPL
_bMR
082 _a616.0472019
100 _aबर्च,विद्यमाला
_936528
245 _aवेदना आणि व्याधींसह चांगलं जीवन :
_cविद्यमाला बर्च ; सुभाष दांडेकर द्वारा अनुवादित
_bतुम्हाला दुख:पासून मुक्त करण्याचा सजग मार्ग /
246 _aVedna Aani Vyadhisaha Changala Jeevan:Tumala Dukha pasun Mukt karnayacha Sajag Marg
_bby Vidyamala Burch
260 _aपुणे
_bमेहता पब्लिशिंग हाऊस
_c2011
270 _a1941,सदाशिव पेठ,माडीवाले कॉलनी,
_bपुणे
_e411030
300 _aवीस,220पृ.
_c22 सेमी(अजिल्द)
700 _aदांडेकर,सुभाष
_936531
942 _2ddc
_cMR
_h616.0472019
_mबर्चवि
999 _c59134
_d59134